Normal view
MARC view
Entry Personal Name
001 - CONTROL NUMBER
- control field: 1238222
003 - CONTROL NUMBER IDENTIFIER
- control field: OSt
005 - DATE AND TIME OF LATEST TRANSACTION
- control field: 20260430150705.0
008 - FIXED-LENGTH DATA ELEMENTS
- fixed length control field: 260430|| aca||aabn | a|a d
040 ## - CATALOGING SOURCE
- Original cataloging agency: OSt
- Transcribing agency: OSt
100 ## - HEADING--PERSONAL NAME
- Personal name: Shukla Sidheshwar Prasad Au.; Suresh Kumar Gu
670 ## - SOURCE DATA FOUND
- Source citation: Work cat.: (OSt)1850398: Shukla Sidheshwar Prasad Au.; Suresh Kumar Gu., Beginning of Agriculture and Settlement Pattern in India and South & Eastern Africa: An Archeological Perspective, 2024
